000 00793nam a22002177a 4500
003 OSt
005 20150408114115.0
008 130204s 2013jo ||||f |||| 00| 0 ara d
040 _aMa-un
082 _221
_a658.4034
_bم م ا
100 _aالموسوي، منعم زمزير
_920676
245 _aالأساليب الكمية وبحوث العمليات في الإدارة /
_cمنعم زمزير الموسوي.
250 _aط. 1.
260 _aعمان، الأردن :
_bدار زهران،
_c2013
300 _a376 ص. :
_bايض. ؛
_c24 سم.
504 _aببليوجرافية : 376
650 _99872
_aبحوث العمليات
650 _915083
_aالإدارة الاستراتيجية.
650 _aالأساليب الإدارية
_920677
942 _2ddc
_cBOOK
999 _c27555
_d262055